000 00635nam a22002417a 4500
003 UA-OsUOA
001 79699
007 ta
008 20111121b un ||||| |||| 00| 0 ukr d
100 _aЕникеева Д.
090 _a821.161.1
_bЕ63
942 _cBK
040 _aUA-OsUOA
_brus
_cUA-OsUOA
_dUA-OsUOA
245 _aМы одной крови
_bРоман
300 _a427 с.
955 _a3
041 _arus
080 _a821.161.1
020 _a5-227-01385-3
260 _aМ.
_bЦентрполиграф
_c2001
650 7 _a82 Література. Літературознавство
_2UDC
999 _c366017
_d366017